[Event "Wuerttemberg-chT Rapid"]
[Site "Boeblingen"]
[Date "2024.04.13"]
[Round "7.21"]
[White "Seitz, Patrick"]
[Black "Gabriel, Robert A"]
[Result "0-1"]
[WhiteElo "2125"]
[BlackElo "2161"]
[PlyCount "118"]
[EventDate "2024.04.13"]
[EventType "team-tourn"]
[EventRounds "9"]
[EventCountry "GER"]
[SourceTitle "CB17_2024"]
[SourceDate "2024.04.24"]
[SourceVersion "1"]
[SourceVersionDate "2024.04.24"]
[SourceQuality "1"]

1. e4 c6 2. d4 d5 3. exd5 cxd5 4. c4 Nf6 5. Nc3 e6 6. Nf3 Bb4 7. cxd5 Nxd5 8. Qc2 Nc6 9. a3 Ba5 10. Bd2 0-0 11. Bd3 h6 12. 0-0 Bb6 13. Rad1 Bxd4 14. Nxd5 exd5 15. Nxd4 Nxd4 16. Qa4 Nc6 17. Qf4 Be6 18. b4 a6 19. Bc3 Qg5 20. Qxg5 hxg5 21. Rfe1 g4 22. f4 gxf3 23. gxf3 Rfe8 24. Kf2 f6 25. Rg1 Ne5 26. Be2 Rac8 27. Rc1 Bf5 28. Bd4 Kf7 29. Rc5 Rxc5 30. Bxc5 Bd3 31. f4 Bxe2 32. Kxe2 Ng6+ 33. Kf3 Re4 34. Be3 Nh4+ 35. Kf2 Nf5 36. Bd2 d4 37. Rc1 d3 38. Re1 Rc4 39. Kf3 Rc2 40. Rd1 Ra2 41. Ke4 Nd6+ 42. Kxd3 Rxa3+ 43. Kd4 Ke6 44. Re1+ Kd7 45. Rd1 b6 46. Be1 Ke6 47. Bg3 Nf5+ 48. Kc4 Nxg3 49. hxg3 Rxg3 50. Rd8 Rf3 51. Rb8 Rxf4+ 52. Kc3 b5 53. Rb6+ Kf7 54. Rxa6 g5 55. Rb6 Rf5 56. Kd4 g4 57. Ke4 Kg6 58. Rb8 Rg5 59. Kf4 g3 0-1

[Event "Titled Tuesday intern op 30th Aug Late"]
[Site "Chess.com INT"]
[Date "2022.08.30"]
[Round "7"]
[White "Bouget, Alexandre"]
[Black "Gabriel, Robert A"]
[Result "1/2-1/2"]
[WhiteElo "2282"]
[BlackElo "2209"]
[PlyCount "135"]
[EventDate "2022.08.30"]
[EventType "swiss (blitz)"]
[EventRounds "11"]
[EventCountry "USA"]
[SourceTitle "EXT 2023"]
[Source "ChessBase"]
[SourceDate "2022.10.05"]
[SourceVersion "1"]
[SourceVersionDate "2022.10.05"]
[SourceQuality "1"]

1. d4 d5 2. c4 e6 3. Nc3 Nf6 4. Nf3 Be7 5. Bg5 0-0 6. e3 h6 7. Bh4 Ne4 8. Bxe7 Qxe7 9. Nxe4 dxe4 10. Nd2 f5 11. Be2 e5 12. d5 a5 13. 0-0 Na6 14. f3 exf3 15. gxf3 Qg5+ 16. Kf2 Qh4+ 17. Kg1 Rf6 18. Kh1 Rg6 19. Qe1 Qxe1 20. Raxe1 Nc5 21. Rg1 Rxg1+ 22. Kxg1 Kf7 23. Kf2 Bd7 24. e4 f4 25. Nb3 b6 26. Nxc5 bxc5 27. Rd1 a4 28. Rd2 Ke7 29. Ke1 g5 30. Kd1 h5 31. Kc2 g4 32. Rd1 Rg8 33. Rg1 g3 34. h4 g2 35. Kd1 Rg3 36. Ke1 Kd8 37. Kf2 Bh3 38. Bd1 Bd7 39. Rxg2 Rxg2+ 40. Kxg2 Kc8 41. Kf2 Kb7 42. Ke2 Ka6 43. Kd3 Ka5 44. Kc3 Bh3 45. Be2 Bg2 46. a3 Bh1 47. Kd2 Bg2 48. Ke1 Bh3 49. Bf1 Bd7 50. Kf2 Kb6 51. Kg2 Kb7 52. Kh2 Kc8 53. Bh3 Bxh3 54. Kxh3 Kb7 55. Kg2 Ka6 56. Kf2 Ka5 57. Ke2 Kb6 58. Kd2 Ka5 59. Kc3 Kb6 60. b3 axb3 61. Kxb3 Ka5 62. a4 Ka6 63. Kb2 Ka5 64. Ka3 Ka6 65. Kb3 Ka5 66. Ka3 Ka6 67. Kb3 Ka5 68. Ka3 1/2-1/2

[Event "Titled Tuesday intern op 30th Aug Late"]
[Site "Chess.com INT"]
[Date "2022.08.30"]
[Round "2"]
[White "Gabriel, Robert A"]
[Black "Rasulov, Vugar Ural Oglu"]
[Result "0-1"]
[WhiteElo "2209"]
[BlackElo "2480"]
[PlyCount "54"]
[EventDate "2022.08.30"]
[EventType "swiss (blitz)"]
[EventRounds "11"]
[EventCountry "USA"]
[SourceTitle "EXT 2023"]
[Source "ChessBase"]
[SourceDate "2022.10.05"]
[SourceVersion "1"]
[SourceVersionDate "2022.10.05"]
[SourceQuality "1"]

1. d4 Nf6 2. c4 e6 3. Nf3 d5 4. Nc3 c5 5. cxd5 exd5 6. g3 Nc6 7. Bg2 Be7 8. 0-0 0-0 9. dxc5 d4 10. Na4 Bf5 11. Bd2 Ne4 12. b4 Bf6 13. Rc1 Re8 14. Re1 Rc8 15. Nb2 Nc3 16. Bxc3 dxc3 17. Qxd8 Rexd8 18. Nc4 Nxb4 19. Nd6 Rxc5 20. Nxb7 Rdc8 21. Nxc5 Rxc5 22. a3 Na2 23. Ra1 c2 24. Rxa2 c1Q 25. Rxc1 Rxc1+ 26. Bf1 Bh3 27. Nd2 Bc3 0-1

[Event "Titled Tuesday intern op 30th Aug Late"]
[Site "Chess.com INT"]
[Date "2022.08.30"]
[Round "11"]
[White "Ozalp, Burak"]
[Black "Gabriel, Robert A"]
[Result "1-0"]
[WhiteElo "2206"]
[BlackElo "2209"]
[PlyCount "77"]
[EventDate "2022.08.30"]
[EventType "swiss (blitz)"]
[EventRounds "11"]
[EventCountry "USA"]
[SourceTitle "EXT 2023"]
[Source "ChessBase"]
[SourceDate "2022.10.05"]
[SourceVersion "1"]
[SourceVersionDate "2022.10.05"]
[SourceQuality "1"]

1. Nf3 Nf6 2. e3 d5 3. b3 c6 4. Bb2 Bg4 5. h3 Bxf3 6. Qxf3 Nbd7 7. d4 e6 8. Nd2 Bb4 9. c3 Bd6 10. e4 dxe4 11. Nxe4 Nxe4 12. Qxe4 Nf6 13. Qh4 0-0 14. Bd3 h6 15. 0-0 Nd5 16. Qe4 Nf6 17. Qe2 Re8 18. c4 Qc7 19. Rfe1 Bb4 20. Rf1 Bd6 21. f4 Bxf4 22. Qf3 Bg5 23. Rae1 Rad8 24. g3 h5 25. h4 Bh6 26. Kg2 Rd7 27. d5 cxd5 28. Bxf6 gxf6 29. Qxh5 dxc4 30. Bg6 fxg6 31. Qxg6+ Rg7 32. Qxe8+ Kh7 33. Rf3 c3 34. Qxe6 c2 35. Qf5+ Kg8 36. Re8+ Kf7 37. Qe6+ Kg6 38. Rxf6+ Kh7 39. Rxh6# 1-0

[Event "Titled Tuesday intern op 26th Jul Early"]
[Site "Chess.com INT"]
[Date "2022.07.26"]
[Round "10"]
[White "Gabriel, Robert A"]
[Black "Grot, Blazej"]
[Result "1/2-1/2"]
[WhiteElo "2209"]
[BlackElo "1818"]
[PlyCount "38"]
[EventDate "2022.07.26"]
[EventType "swiss (blitz)"]
[EventRounds "11"]
[EventCountry "USA"]
[SourceTitle "EXT 2023"]
[Source "ChessBase"]
[SourceDate "2022.10.05"]
[SourceVersion "1"]
[SourceVersionDate "2022.10.05"]
[SourceQuality "1"]

1. d4 Nf6 2. c4 e6 3. Nf3 d5 4. Nc3 c6 5. cxd5 exd5 6. Bg5 Bf5 7. Qb3 Qb6 8. Qxb6 axb6 9. Bxf6 gxf6 10. Rc1 Nd7 11. e3 Bb4 12. a3 Bd6 13. Kd2 b5 14. Bd3 Bg6 15. h4 h5 16. Bxg6 fxg6 17. Ne1 f5 18. Nd3 Kf7 19. g3 Kf6 1/2-1/2

[Event "Titled Tuesday intern op 26th Jul Early"]
[Site "Chess.com INT"]
[Date "2022.07.26"]
[Round "4"]
[White "Mamedov, Edgar"]
[Black "Gabriel, Robert A"]
[Result "1-0"]
[WhiteElo "2227"]
[BlackElo "2209"]
[PlyCount "63"]
[EventDate "2022.07.26"]
[EventType "swiss (blitz)"]
[EventRounds "11"]
[EventCountry "USA"]
[SourceTitle "EXT 2023"]
[Source "ChessBase"]
[SourceDate "2022.10.05"]
[SourceVersion "1"]
[SourceVersionDate "2022.10.05"]
[SourceQuality "1"]

1. d4 d5 2. c4 e6 3. Nf3 a6 4. cxd5 exd5 5. Nc3 c6 6. Bf4 Bd6 7. Bxd6 Qxd6 8. e3 Bf5 9. Bd3 Ne7 10. 0-0 0-0 11. Bxf5 Nxf5 12. e4 dxe4 13. Nxe4 Qc7 14. Qc2 Rd8 15. Nf6+ gxf6 16. Qxf5 Kg7 17. Rfe1 Qd7 18. Qh5 c5 19. Nh4 Nc6 20. Nf5+ Kh8 21. dxc5 Nd4 22. Nxd4 Qxd4 23. Qxf7 Rd7 24. Re8+ Rxe8 25. Qxe8+ Kg7 26. Re1 Rf7 27. c6 Qxb2 28. cxb7 Qxb7 29. h3 Qb4 30. Qe6 a5 31. Re4 Qb1+ 32. Kh2 1-0

[Event "Titled Tuesday intern op 19th Jul Early"]
[Site "Chess.com INT"]
[Date "2022.07.19"]
[Round "8"]
[White "Clawitter, Craig"]
[Black "Gabriel, Robert A"]
[Result "1-0"]
[WhiteElo "2050"]
[BlackElo "2209"]
[PlyCount "73"]
[EventDate "2022.07.19"]
[EventType "swiss (blitz)"]
[EventRounds "11"]
[EventCountry "USA"]
[SourceTitle "EXT 2023"]
[Source "ChessBase"]
[SourceDate "2022.10.05"]
[SourceVersion "1"]
[SourceVersionDate "2022.10.05"]
[SourceQuality "1"]

1. e4 c5 2. Nf3 g6 3. d4 cxd4 4. Nxd4 Nc6 5. Nc3 Bg7 6. Be3 Nf6 7. Bc4 Qa5 8. 0-0 0-0 9. Bb3 d6 10. h3 Nxd4 11. Bxd4 b5 12. Re1 b4 13. Nd5 Nxd5 14. exd5 Qc7 15. Bxg7 Kxg7 16. Qd4+ f6 17. Qxb4 a5 18. Qe4 Re8 19. Ba4 Bd7 20. c3 Bxa4 21. Qxa4 Reb8 22. Re2 Ra7 23. Rae1 Kf7 24. h4 h5 25. Qe4 Qd7 26. Qf4 a4 27. Qh6 Rg8 28. Qh7+ Rg7 29. Qh8 Rg8 30. Qh6 Rb7 31. b3 axb3 32. axb3 Rxb3 33. Qh7+ Rg7 34. Rxe7+ Qxe7 35. Rxe7+ Kxe7 36. Qxg7+ Ke8 37. Qxg6+ 1-0

[Event "Titled Tuesday intern op 19th Jul Early"]
[Site "Chess.com INT"]
[Date "2022.07.19"]
[Round "3"]
[White "Flynn, Jacob"]
[Black "Gabriel, Robert A"]
[Result "1-0"]
[WhiteElo "2199"]
[BlackElo "2209"]
[PlyCount "57"]
[EventDate "2022.07.19"]
[EventType "swiss (blitz)"]
[EventRounds "11"]
[EventCountry "USA"]
[SourceTitle "EXT 2023"]
[Source "ChessBase"]
[SourceDate "2022.10.05"]
[SourceVersion "1"]
[SourceVersionDate "2022.10.05"]
[SourceQuality "1"]

1. d4 Nf6 2. c4 e6 3. g3 Bb4+ 4. Nd2 0-0 5. Bg2 d5 6. Ngf3 b6 7. 0-0 Bb7 8. a3 Be7 9. cxd5 Bxd5 10. Qc2 Nbd7 11. e4 Bb7 12. e5 Nd5 13. Ne4 h6 14. Rd1 c5 15. dxc5 Bxc5 16. Nxc5 Nxc5 17. Nd4 Qe7 18. Nb5 Rfd8 19. b4 Na6 20. Nd6 Rxd6 21. exd6 Qxd6 22. Bb2 Rc8 23. Qe2 Nac7 24. Rac1 b5 25. Rc5 a6 26. Rdc1 Rd8 27. Be5 Qb6 28. Bxc7 Nxc7 29. Bxb7 1-0

[Event "Titled Tuesday intern op 19th Jul Early"]
[Site "Chess.com INT"]
[Date "2022.07.19"]
[Round "5"]
[White "Gabriel, Robert A"]
[Black "Mejia, Cherry Ann"]
[Result "0-1"]
[WhiteElo "2209"]
[BlackElo "1970"]
[PlyCount "86"]
[EventDate "2022.07.19"]
[EventType "swiss (blitz)"]
[EventRounds "11"]
[EventCountry "USA"]
[SourceTitle "EXT 2023"]
[Source "ChessBase"]
[SourceDate "2022.10.05"]
[SourceVersion "1"]
[SourceVersionDate "2022.10.05"]
[SourceQuality "1"]

1. d4 d5 2. Nf3 Nf6 3. c4 dxc4 4. e3 e6 5. Bxc4 a6 6. 0-0 c5 7. Bb3 b5 8. Nc3 Bb7 9. dxc5 Qxd1 10. Rxd1 Bxc5 11. Bd2 Nbd7 12. Be1 0-0 13. Rac1 Rac8 14. h3 Rfd8 15. a3 Bxf3 16. gxf3 Ne5 17. f4 Nd3 18. Rb1 Nxe1 19. Rxe1 Bxa3 20. Nxb5 Bb4 21. Nc3 Bxc3 22. bxc3 Rxc3 23. Re2 g6 24. Kg2 Ne4 25. Bc2 Nd2 26. Rb2 Nc4 27. Ra2 a5 28. Ba4 Rb8 29. Rec2 Rxc2 30. Rxc2 Rb4 31. Ra2 Kf8 32. Kf3 Ke7 33. Ke2 Kd6 34. Kd3 Nb6 35. Bd1 a4 36. e4 Kc5 37. Rc2+ Rc4 38. Rxc4+ Nxc4 39. Kc3 Nd6 40. f3 Nb5+ 41. Kd3 Kb4 42. e5 a3 43. Kc2 Nc7 0-1

[Event "Titled Tuesday intern op 19th Jul Early"]
[Site "Chess.com INT"]
[Date "2022.07.19"]
[Round "1"]
[White "Krallis, Christos"]
[Black "Gabriel, Robert A"]
[Result "1-0"]
[WhiteElo "2378"]
[BlackElo "2209"]
[PlyCount "67"]
[EventDate "2022.07.19"]
[EventType "swiss (blitz)"]
[EventRounds "11"]
[EventCountry "USA"]
[SourceTitle "EXT 2023"]
[Source "ChessBase"]
[SourceDate "2022.10.05"]
[SourceVersion "1"]
[SourceVersionDate "2022.10.05"]
[SourceQuality "1"]

1. d4 d5 2. c4 e6 3. Nf3 Nf6 4. g3 dxc4 5. Bg2 c5 6. 0-0 Nbd7 7. Nbd2 Nb6 8. Nxc4 Nxc4 9. Qa4+ Bd7 10. Qxc4 Rc8 11. dxc5 Bxc5 12. Qh4 0-0 13. Ne5 Qc7 14. Nxd7 Qxd7 15. Bg5 Be7 16. Rfd1 Qb5 17. e4 h6 18. Be3 Nd5 19. Qh5 Nc3 20. Qxb5 Nxb5 21. a4 Nd6 22. Bxa7 Rc2 23. e5 Nc4 24. Rdc1 Rxc1+ 25. Rxc1 Nxe5 26. Bxb7 Nd3 27. Rc7 Bf6 28. Be4 Nxb2 29. a5 g6 30. Bc5 Rd8 31. a6 Rd1+ 32. Kg2 Ra1 33. a7 Na4 34. a8Q+ 1-0

[Event "Titled Tuesday intern op 12th Oct"]
[Site "Chess.com INT"]
[Date "2021.10.12"]
[Round "7"]
[White "Gabriel, Robert A"]
[Black "Necula, Iulian"]
[Result "1-0"]
[WhiteElo "2218"]
[BlackElo "1890"]
[PlyCount "73"]
[EventDate "2021.10.12"]
[EventType "swiss (blitz)"]
[EventRounds "11"]
[EventCountry "USA"]
[SourceTitle "EXT 2023"]
[Source "ChessBase"]
[SourceDate "2022.10.05"]
[SourceVersion "1"]
[SourceVersionDate "2022.10.05"]
[SourceQuality "1"]

1. Nf3 g6 2. e4 c6 3. d4 d5 4. exd5 cxd5 5. Bd3 Nf6 6. 0-0 Bg7 7. Re1 0-0 8. Ne5 Nc6 9. Nxc6 bxc6 10. c3 Rb8 11. Nd2 Re8 12. Nf3 Bg4 13. h3 Bxf3 14. Qxf3 Rb7 15. b4 h6 16. Bf4 Nh5 17. Be5 Bxe5 18. dxe5 e6 19. g4 Ng7 20. Qe3 Kh7 21. f4 Qh4 22. Kg2 a5 23. a3 axb4 24. axb4 Rg8 25. Ra6 Rc7 26. Rf1 Rgc8 27. f5 gxf5 28. gxf5 Rg8 29. f6+ Nf5+ 30. Kh2 Kh8 31. Bxf5 exf5 32. Rxf5 Rg6 33. Ra8+ Kh7 34. e6 fxe6 35. f7 d4 36. f8Q dxe3 37. Qh8# 1-0

[Event "Titled Tuesday intern op 12th Oct"]
[Site "Chess.com INT"]
[Date "2021.10.12"]
[Round "5"]
[White "Gabriel, Robert A"]
[Black "Quirke, Jeffrey"]
[Result "0-1"]
[WhiteElo "2218"]
[BlackElo "2108"]
[PlyCount "50"]
[EventDate "2021.10.12"]
[EventType "swiss (blitz)"]
[EventRounds "11"]
[EventCountry "USA"]
[SourceTitle "EXT 2023"]
[Source "ChessBase"]
[SourceDate "2022.10.05"]
[SourceVersion "1"]
[SourceVersionDate "2022.10.05"]
[SourceQuality "1"]

1. d4 d5 2. c4 e6 3. Nc3 Nf6 4. Bg5 dxc4 5. e4 b5 6. e5 h6 7. Bh4 g5 8. exf6 gxh4 9. Nxb5 Bb4+ 10. Nc3 c5 11. a3 Bxc3+ 12. bxc3 Qa5 13. Ne2 cxd4 14. Qxd4 Nc6 15. Qxc4 Ne5 16. Qb4 Nd3+ 17. Kd2 Nxb4 18. cxb4 Qd5+ 19. Ke3 Qe5+ 20. Kf3 Qxa1 21. Kg4 Ba6 22. Kh5 Bxe2+ 23. Kxh4 Bxf1 24. Kh5 Qxf6 25. g3 Qg5# 0-1

[Event "Titled Tuesday intern op 28th Sept"]
[Site "Chess.com INT"]
[Date "2021.09.28"]
[Round "5"]
[White "Gabriel, Robert A"]
[Black "Ashiev, Eduard"]
[Result "0-1"]
[WhiteElo "2220"]
[BlackElo "2202"]
[PlyCount "102"]
[EventDate "2021.09.28"]
[EventType "swiss (blitz)"]
[EventRounds "11"]
[EventCountry "USA"]
[SourceTitle "CBM 204 Extra"]
[Source "ChessBase"]
[SourceDate "2021.11.30"]
[SourceVersion "1"]
[SourceVersionDate "2021.11.30"]
[SourceQuality "1"]

1. d4 d6 2. Nf3 Bg4 3. h3 Bh5 4. g4 Bg6 5. Nh4 e6 6. Nxg6 hxg6 7. c4 d5 8. cxd5 exd5 9. Nc3 c6 10. Bg2 Nf6 11. Bf4 Bd6 12. Qd2 Qe7 13. Bxd6 Qxd6 14. e3 Nbd7 15. 0-0-0 0-0-0 16. Kb1 Nb6 17. g5 Ng8 18. h4 Ne7 19. Bh3+ Kb8 20. Bg4 Rhe8 21. a3 Nc4 22. Qc2 Nc8 23. Bxc8 Rxc8 24. Ka2 Re7 25. Na4 b6 26. Nc3 Rce8 27. Ne2 Kb7 28. Ng3 Nxe3 29. fxe3 Qxg3 30. Rc1 Qd6 31. h5 gxh5 32. Rxh5 Rxe3 33. Rh7 Re2 34. Qa4 b5 35. Qa5 Rf2 36. Rxg7 Ree2 37. Qc3 Kb6 38. Rg8 Rxb2+ 39. Qxb2 Rxb2+ 40. Kxb2 Qf4 41. Rd1 a5 42. Rd3 b4 43. axb4 axb4 44. Ra8 Kb5 45. Ra1 Qxg5 46. Rc1 Qg2+ 47. Rc2 Qe4 48. Rcd2 f5 49. Kb3 f4 50. Rh3 f3 51. Rf2 Qe3+ 0-1

[Event "Titled Tuesday intern op 28th Sept"]
[Site "Chess.com INT"]
[Date "2021.09.28"]
[Round "11"]
[White "Provaznik, Michal"]
[Black "Gabriel, Robert A"]
[Result "0-1"]
[WhiteElo "2127"]
[BlackElo "2220"]
[PlyCount "98"]
[EventDate "2021.09.28"]
[EventType "swiss (blitz)"]
[EventRounds "11"]
[EventCountry "USA"]
[SourceTitle "CBM 204 Extra"]
[Source "ChessBase"]
[SourceDate "2021.11.30"]
[SourceVersion "1"]
[SourceVersionDate "2021.11.30"]
[SourceQuality "1"]

1. b3 d5 2. Bb2 Nf6 3. f4 Bg4 4. Nf3 Bxf3 5. e3 Bxd1 6. Kxd1 c5 7. Be2 Nc6 8. Nc3 e6 9. g4 h5 10. g5 Ne4 11. Nxe4 dxe4 12. a3 Qd7 13. h4 0-0-0 14. Bc3 a6 15. Kc1 Kb8 16. Rd1 Ka7 17. d3 exd3 18. Bxd3 Qc7 19. Kb2 Rg8 20. Be2 g6 21. Rxd8 Qxd8 22. Rd1 Qxd1 23. Bxd1 Bg7 24. Bf3 Kb6 25. a4 Kc7 26. Bxg7 Rxg7 27. Kc3 b5 28. axb5 axb5 29. Be4 b4+ 30. Kc4 Kb6 31. c3 Na5+ 32. Kd3 Nxb3 33. cxb4 cxb4 34. Kc4 Nc5 35. Bb1 b3 36. e4 Rg8 37. f5 exf5 38. exf5 gxf5 39. Bxf5 Rd8 40. g6 fxg6 41. Bxg6 Rd2 42. Kc3 Rh2 43. Bxh5 b2 44. Bg6 Kb5 45. h5 Na4+ 46. Kb3 Nc5+ 47. Ka2 Kb4 48. Kb1 Na4 49. Ka2 Nc3# 0-1

[Event "Titled Tuesday intern op 28th Sept"]
[Site "Chess.com INT"]
[Date "2021.09.28"]
[Round "9"]
[White "Roebers, Jan"]
[Black "Gabriel, Robert A"]
[Result "1/2-1/2"]
[WhiteElo "2156"]
[BlackElo "2220"]
[PlyCount "118"]
[EventDate "2021.09.28"]
[EventType "swiss (blitz)"]
[EventRounds "11"]
[EventCountry "USA"]
[SourceTitle "CBM 204 Extra"]
[Source "ChessBase"]
[SourceDate "2021.11.30"]
[SourceVersion "1"]
[SourceVersionDate "2021.11.30"]
[SourceQuality "1"]

1. e4 c5 2. Nf3 Nc6 3. d4 cxd4 4. Nxd4 e5 5. Nb5 d6 6. N1c3 a6 7. Na3 Be7 8. Nd5 Nf6 9. Nxf6+ Bxf6 10. c4 0-0 11. Be2 Bg5 12. 0-0 Bxc1 13. Rxc1 f5 14. exf5 Bxf5 15. Bd3 Bxd3 16. Qxd3 Qf6 17. Rcd1 Rad8 18. b3 Nd4 19. Nc2 Nxc2 20. Qxc2 Qe6 21. Rd5 b6 22. Rfd1 a5 23. Qd2 Qf5 24. f3 Rf6 25. Qd3 Qxd3 26. R1xd3 Re6 27. a3 Kf7 28. Kf2 Ke7 29. Ke3 Kd7 30. c5 bxc5 31. Rxc5 Ra8 32. Rdd5 Re7 33. Rxa5 Rxa5 34. Rxa5 Kc6 35. b4 d5 36. a4 Rb7 37. Ra6+ Kd7 38. b5 Rc7 39. Rc6 Rxc6 40. bxc6+ Kxc6 41. f4 e4 42. f5 Kc5 43. g4 Kc4 44. g5 d4+ 45. Ke2 Kc3 46. f6 gxf6 47. gxf6 Kc2 48. f7 d3+ 49. Ke3 d2 50. f8Q d1Q 51. Qc5+ Kb3 52. Qb5+ Kc3 53. Qc6+ Kb4 54. Qxe4+ Kc5 55. h4 Qe1+ 56. Kf3 Qh1+ 57. Ke3 Qe1+ 58. Kf3 Qh1+ 59. Ke3 Qe1+ 1/2-1/2

[Event "BL2-Sued 1920"]
[Site "Germany"]
[Date "2021.08.08"]
[Round "10.7"]
[White "Kuebler, Marcus"]
[Black "Gabriel, Robert A"]
[Result "0-1"]
[WhiteElo "1973"]
[BlackElo "2236"]
[PlyCount "36"]
[EventDate "2019.10.19"]
[EventType "team-tourn"]
[EventRounds "11"]
[EventCountry "GER"]
[SourceTitle "EXT 2023"]
[Source "ChessBase"]
[SourceDate "2022.10.05"]
[SourceVersion "1"]
[SourceVersionDate "2022.10.05"]
[SourceQuality "1"]
[WhiteTeam "Schoenaich"]
[BlackTeam "Stuttgart SF"]
[WhiteTeamCountry "GER"]
[BlackTeamCountry "GER"]

1. d4 Nf6 2. c4 e6 3. g3 d5 4. Bg2 Be7 5. Nf3 0-0 6. 0-0 b6 7. cxd5 exd5 8. Nc3 Bb7 9. Bf4 Ne4 10. Qc2 Na6 11. Rfd1 Nxc3 12. bxc3 Re8 13. h4 f6 14. h5 Bd6 15. Nh4 Bxf4 16. gxf4 c6 17. e4 Nc7 18. e5 fxe5 0-1

[Event "Titled Tuesday intern op 27th July"]
[Site "Chess.com INT"]
[Date "2021.07.27"]
[Round "6"]
[White "Akhayan, Ruben"]
[Black "Gabriel, Robert A"]
[Result "1-0"]
[WhiteElo "2259"]
[BlackElo "2236"]
[PlyCount "65"]
[EventDate "2021.07.27"]
[EventType "swiss (blitz)"]
[EventRounds "11"]
[EventCountry "USA"]
[SourceTitle "CBM 203 Extra"]
[Source "ChessBase"]
[SourceDate "2021.09.30"]
[SourceVersion "1"]
[SourceVersionDate "2021.09.30"]
[SourceQuality "1"]

1. e4 e6 2. d4 d5 3. Nc3 Nf6 4. exd5 exd5 5. Bd3 c5 6. dxc5 Bxc5 7. Nf3 0-0 8. 0-0 h6 9. h3 Nc6 10. Re1 a6 11. Bf4 Be6 12. Ne2 Rc8 13. c3 Re8 14. Bc2 Ne4 15. Ned4 Nxd4 16. cxd4 Bd6 17. Bxd6 Qxd6 18. Bxe4 dxe4 19. Rxe4 Bd5 20. Rxe8+ Rxe8 21. Ne5 f6 22. Ng4 h5 23. Ne3 Bf7 24. d5 Rxe3 25. fxe3 Bxd5 26. Qxh5 Bc6 27. Qg4 Qd2 28. b3 Qxe3+ 29. Kh1 Qe7 30. Rd1 a5 31. Qg3 g5 32. Re1 Qc5 33. Qe3 1-0

[Event "Titled Tuesday intern op 27th July"]
[Site "Chess.com INT"]
[Date "2021.07.27"]
[Round "8"]
[White "Gabriel, Robert A"]
[Black "Barski, Radoslaw"]
[Result "0-1"]
[WhiteElo "2236"]
[BlackElo "2441"]
[PlyCount "74"]
[EventDate "2021.07.27"]
[EventType "swiss (blitz)"]
[EventRounds "11"]
[EventCountry "USA"]
[SourceTitle "CBM 203 Extra"]
[Source "ChessBase"]
[SourceDate "2021.09.30"]
[SourceVersion "1"]
[SourceVersionDate "2021.09.30"]
[SourceQuality "1"]

1. d4 Nf6 2. Nf3 g6 3. c4 Bg7 4. Nc3 0-0 5. e4 d6 6. h3 e5 7. dxe5 dxe5 8. Qxd8 Rxd8 9. Bg5 Re8 10. Nd5 Nxd5 11. cxd5 f5 12. Bc4 Kh8 13. Be3 h6 14. 0-0-0 a6 15. Bb3 Bd7 16. Nd2 a5 17. f3 a4 18. Bc4 b5 19. Bd3 Na6 20. a3 c5 21. dxc6 Bxc6 22. Kb1 f4 23. Bb6 Rab8 24. Ba5 Nc5 25. Bc2 Ra8 26. Bb4 Na6 27. Ba5 Reb8 28. Ka1 b4 29. axb4 Nxb4 30. Bxb4 Rxb4 31. Nb1 Bf8 32. Rd3 Bb5 33. Rc3 Rc4 34. Rd1 Bc5 35. Rd5 Bd4 36. Rxc4 Bxc4 37. Rd7 a3 0-1

[Event "Titled Tuesday intern op 27th July"]
[Site "Chess.com INT"]
[Date "2021.07.27"]
[Round "3"]
[White "Manon Og, Ramon Jr"]
[Black "Gabriel, Robert A"]
[Result "0-1"]
[WhiteElo "2122"]
[BlackElo "2236"]
[PlyCount "50"]
[EventDate "2021.07.27"]
[EventType "swiss (blitz)"]
[EventRounds "11"]
[EventCountry "USA"]
[SourceTitle "CBM 203 Extra"]
[Source "ChessBase"]
[SourceDate "2021.09.30"]
[SourceVersion "1"]
[SourceVersionDate "2021.09.30"]
[SourceQuality "1"]

1. e4 e6 2. Nf3 d5 3. exd5 exd5 4. Nc3 Nf6 5. d4 Bb4 6. Bd2 0-0 7. Qe2 Re8 8. Qxe8+ Qxe8+ 9. Be2 Bxc3 10. Bxc3 Ne4 11. Bb4 Nc6 12. Ba3 Bg4 13. 0-0 Ng3 14. hxg3 Qxe2 15. Rac1 Bxf3 16. gxf3 Qxf3 17. b3 Nxd4 18. Bb2 Ne2+ 19. Kh2 Nxc1 20. Rxc1 Qxf2+ 21. Kh3 Re8 22. Rh1 Qf5+ 23. g4 Re3+ 24. Kh4 g5+ 25. Kh5 Qg6# 0-1

[Event "Titled Tuesday intern op 20th July"]
[Site "Chess.com INT"]
[Date "2021.07.20"]
[Round "4"]
[White "Gabriel, Robert A"]
[Black "Bayo Milagro, Alvaro"]
[Result "0-1"]
[WhiteElo "2236"]
[BlackElo "2238"]
[PlyCount "110"]
[EventDate "2021.07.20"]
[EventType "swiss (blitz)"]
[EventRounds "11"]
[EventCountry "USA"]
[SourceTitle "CBM 203 Extra"]
[Source "ChessBase"]
[SourceDate "2021.09.30"]
[SourceVersion "1"]
[SourceVersionDate "2021.09.30"]
[SourceQuality "1"]

1. d4 d6 2. e4 Nf6 3. Nc3 e5 4. dxe5 d5 5. exf6 d4 6. Nd5 c6 7. Ne7 Bxe7 8. fxe7 Kxe7 9. Bc4 c5 10. Nf3 Re8 11. Bg5+ f6 12. Bf4 Kf8 13. 0-0 Rxe4 14. Bg3 Re8 15. Qd3 g6 16. Rfe1 Bf5 17. Rxe8+ Qxe8 18. Qb3 Qd7 19. Re1 Nc6 20. Be6 Bxe6 21. Qxe6 Qxe6 22. Rxe6 Kf7 23. Re2 Rd8 24. b3 b5 25. h4 h5 26. Nd2 Nb4 27. Ne4 Nxa2 28. Nd6+ Kf8 29. Nxb5 a6 30. Nc7 Nc3 31. Ne6+ Ke7 32. Re1 Rc8 33. Nxd4+ Kf7 34. Ne2 Ne4 35. Nf4 Nxg3 36. fxg3 c4 37. b4 a5 38. bxa5 Ra8 39. Ra1 Ke7 40. a6 Kd6 41. Kf2 Kc5 42. Nxg6 Kb4 43. Ke3 Kc3 44. Ra3+ Kxc2 45. Kd4 Kb2 46. Ra5 c3 47. Rb5+ Kc2 48. Rc5 Kd2 49. Rd5 Rxa6 50. Kc4+ Kc2 51. Rd8 Ra4+ 52. Kb5 Rg4 53. Rc8 Rxg6 54. Kb4 Rxg3 55. Rc6 Kd2 0-1